<?xml version="1.0" encoding="UTF-8"?>
<record
    xmlns:xsi="http://www.w3.org/2001/XMLSchema-instance"
    xsi:schemaLocation="http://www.loc.gov/MARC21/slim http://www.loc.gov/standards/marcxml/schema/MARC21slim.xsd"
    xmlns="http://www.loc.gov/MARC21/slim">

  <leader>01411nam1a22002651i 4500</leader>
  <controlfield tag="001">v19\rc\1271956</controlfield>
  <controlfield tag="005">20260406192612.0</controlfield>
  <datafield tag="035" ind1=" " ind2=" ">
    <subfield code="a">(NLR Aleph) 004424001</subfield>
  </datafield>
  <datafield tag="090" ind1=" " ind2=" ">
    <subfield code="a">4175404</subfield>
    <subfield code="c">4175404</subfield>
  </datafield>
  <datafield tag="100" ind1=" " ind2=" ">
    <subfield code="a">20060306e18961896|||y0rusy50      ca</subfield>
  </datafield>
  <datafield tag="101" ind1="0" ind2=" ">
    <subfield code="a">rus</subfield>
  </datafield>
  <datafield tag="102" ind1=" " ind2=" ">
    <subfield code="a">RU</subfield>
  </datafield>
  <datafield tag="105" ind1=" " ind2=" ">
    <subfield code="a">    z   |||||</subfield>
  </datafield>
  <datafield tag="200" ind1="1" ind2=" ">
    <subfield code="a">&#x41E;&#x442;&#x447;&#x435;&#x442; &#x43E;&#x431; &#x410;&#x43B;&#x442;&#x430;&#x439;&#x441;&#x43A;&#x43E;&#x439; &#x434;&#x443;&#x445;&#x43E;&#x432;&#x43D;&#x43E;&#x439; &#x43C;&#x438;&#x441;&#x441;&#x438;&#x438;...</subfield>
  </datafield>
  <datafield tag="210" ind1=" " ind2=" ">
    <subfield code="a">&#x422;&#x43E;&#x43C;&#x441;&#x43A;</subfield>
    <subfield code="d">1896-</subfield>
  </datafield>
  <datafield tag="300" ind1=" " ind2=" ">
    <subfield code="a">&#x417;&#x430;&#x433;&#x43B;. &#x437;&#x430; 1896, 1899, 1902, 1913 &#x433;&#x433;. &#x438; &#x43D;&#x430; &#x43E;&#x431;&#x43B;. &#x437;&#x430; 1898 &#x433;.: "&#x41E;&#x442;&#x447;&#x435;&#x442; &#x410;&#x43B;&#x442;&#x430;&#x439;&#x441;&#x43A;&#x43E;&#x439; &#x434;&#x443;&#x445;&#x43E;&#x432;&#x43D;&#x43E;&#x439; &#x43C;&#x438;&#x441;&#x441;&#x438;&#x438; &#x422;&#x43E;&#x43C;&#x441;&#x43A;&#x43E;&#x439; &#x435;&#x43F;&#x430;&#x440;&#x445;&#x438;&#x438;..."; &#x437;&#x430; 1897-1898 &#x433;&#x433;.: "&#x41E;&#x442;&#x447;&#x435;&#x442; &#x43E; &#x441;&#x43E;&#x441;&#x442;&#x43E;&#x44F;&#x43D;&#x438;&#x438; &#x410;&#x43B;&#x442;&#x430;&#x439;&#x441;&#x43A;&#x43E;&#x439; &#x434;&#x443;&#x445;&#x43E;&#x432;&#x43D;&#x43E;&#x439; &#x43C;&#x438;&#x441;&#x441;&#x438;&#x438;..."</subfield>
  </datafield>
  <datafield tag="311" ind1=" " ind2=" ">
    <subfield code="a">&#x41E;&#x442;&#x447;&#x435;&#x442;&#x44B; &#x437;&#x430; 1895-1897, 1899, 1902, 1909 &#x433;&#x433;. "&#x41F;&#x435;&#x440;&#x435;&#x43F;&#x435;&#x447;. &#x438;&#x437; &#x422;&#x43E;&#x43C;&#x441;&#x43A;. &#x435;&#x43F;&#x430;&#x440;&#x445;. &#x432;&#x435;&#x434;&#x43E;&#x43C;&#x43E;&#x441;&#x442;&#x435;&#x439;"</subfield>
  </datafield>
  <datafield tag="488" ind1=" " ind2="0">
    <subfield code="1">2001#$a&#x422;&#x43E;&#x43C;&#x441;&#x43A;&#x438;&#x435; &#x435;&#x43F;&#x430;&#x440;&#x445;&#x438;&#x430;&#x43B;&#x44C;&#x43D;&#x44B;&#x435; &#x432;&#x435;&#x434;&#x43E;&#x43C;&#x43E;&#x441;&#x442;&#x438;</subfield>
    <subfield code="t">&#x422;&#x43E;&#x43C;&#x441;&#x43A;&#x438;&#x435; &#x435;&#x43F;&#x430;&#x440;&#x445;&#x438;&#x430;&#x43B;&#x44C;&#x43D;&#x44B;&#x435; &#x432;&#x435;&#x434;&#x43E;&#x43C;&#x43E;&#x441;&#x442;&#x438;</subfield>
  </datafield>
  <datafield tag="517" ind1="0" ind2=" ">
    <subfield code="a">&#x41E;&#x442;&#x447;&#x435;&#x442; &#x410;&#x43B;&#x442;&#x430;&#x439;&#x441;&#x43A;&#x43E;&#x439; &#x434;&#x443;&#x445;&#x43E;&#x432;&#x43D;&#x43E;&#x439; &#x43C;&#x438;&#x441;&#x441;&#x438;&#x438; &#x422;&#x43E;&#x43C;&#x441;&#x43A;&#x43E;&#x439; &#x435;&#x43F;&#x430;&#x440;&#x445;&#x438;&#x438;...</subfield>
  </datafield>
  <datafield tag="517" ind1="0" ind2=" ">
    <subfield code="a">&#x41E;&#x442;&#x447;&#x435;&#x442; &#x43E; &#x441;&#x43E;&#x441;&#x442;&#x43E;&#x44F;&#x43D;&#x438;&#x438; &#x410;&#x43B;&#x442;&#x430;&#x439;&#x441;&#x43A;&#x43E;&#x439; &#x434;&#x443;&#x445;&#x43E;&#x432;&#x43D;&#x43E;&#x439; &#x43C;&#x438;&#x441;&#x441;&#x438;&#x438;...</subfield>
  </datafield>
  <datafield tag="710" ind1="0" ind2="2">
    <subfield code="a">&#x410;&#x43B;&#x442;&#x430;&#x439;&#x441;&#x43A;&#x430;&#x44F; &#x434;&#x443;&#x445;&#x43E;&#x432;&#x43D;&#x430;&#x44F; &#x43C;&#x438;&#x441;&#x441;&#x438;&#x44F;</subfield>
    <subfield code="3">RU\NLR\AUTH\889955143</subfield>
    <subfield code="9">406333</subfield>
  </datafield>
  <datafield tag="801" ind1=" " ind2="0">
    <subfield code="a">RU</subfield>
    <subfield code="b">NLR</subfield>
    <subfield code="g">psbo</subfield>
  </datafield>
  <datafield tag="801" ind1=" " ind2="1">
    <subfield code="a">RU</subfield>
    <subfield code="b">ProSoft-M</subfield>
    <subfield code="2">rusmarc</subfield>
  </datafield>
  <datafield tag="852" ind1=" " ind2=" ">
    <subfield code="a">NLR</subfield>
    <subfield code="j">&#x428;&#x438;&#x444;&#x440;&#x44B; &#x440;&#x430;&#x437;&#x43D;&#x44B;&#x435;</subfield>
  </datafield>
  <datafield tag="942" ind1=" " ind2=" ">
    <subfield code="c">BOOK</subfield>
  </datafield>
</record>
